000 01314nam a22002177a 4500
008 130223t xxu||||| |||| 00| 0 eng d
020 _a9-7804-0699-6152
082 _222 ed.
_a344.046
_bGAR
100 _aGarner
_96911
245 _aGarner's Environmental Law 1 :
_bupdated to issue 102 october 2012 Book block 1 of 5 /
_cGarner
260 _aUnited Kingdom :
_bLexisNexis
_c2012
300 _axxxiii, 2194 P. ;
_c25 cm.
650 _a Environmental Law
_96897
650 _aGarner's Environmental Law 1
_96912
942 _2ddc
_cBK
999 _c5260
_d5260